[Event "PNWCC Masters WOO 2020"]
[Site "chess.com INT"]
[Date "2020.07.06"]
[Round "9.24"]
[White "Tarjan, James"]
[Black "Mcconnell, Sullivan"]
[Result "1/2-1/2"]
[WhiteTitle "GM"]
[WhiteElo "2381"]
[BlackElo "1895"]
[WhiteFideId "2000180"]
[BlackFideId "30934885"]
[EventDate "2020.07.04"]

1. c4 c5 2. g3 g6 3. Bg2 Bg7 4. Nc3 Nc6 5. d3 e5 6. a3 Nge7 7. Rb1 a5 8. e3 O-O
9. Nge2 d6 10. O-O f5 11. f4 Be6 12. Nd5 Bf7 13. b3 Re8 14. Bb2 Rb8 15. Nec3
exf4 16. gxf4 Qd7 17. Qe1 Nxd5 18. Nxd5 Bxd5 19. Bxd5+ Kh8 20. Qd2 Qe7 21. Rbe1
Qh4 22. Bxg7+ Kxg7 23. Qb2+ Qf6 24. Qxf6+ Kxf6 25. Kf2 Ne7 26. Bf3 Nc6 27. Rb1
Re7 28. Rfe1 Rg7 29. h4 h6 30. Rh1 Re7 31. Bd5 Rbe8 32. Rhe1 Rb8 33. Rg1 Rg7 34.
Ke2 Ne7 35. Bf3 Nc6 36. Kd2 Ra8 37. Kc3 Re7 38. Rbe1 Rb8 39. Rg3 Rbe8 40. Reg1
Rg7 41. Bd5 Rh8 42. Re1 Re8 43. Reg1 Rh8 44. R1g2 Re8 45. Rg1 1/2-1/2

[Event "PNWCC Masters WOO 2020"]
[Site "chess.com INT"]
[Date "2020.07.06"]
[Round "9.25"]
[White "Salik, Serkan"]
[Black "Leiva, Giuseppe"]
[Result "0-1"]
[BlackTitle "IM"]
[WhiteElo "1986"]
[BlackElo "2391"]
[WhiteFideId "30952492"]
[BlackFideId "3804399"]
[EventDate "2020.07.04"]

1. d4 Nf6 2. c4 e6 3. g3 d5 4. Nf3 Be7 5. Bg2 O-O 6. O-O Nbd7 7. Nbd2 c5 8. cxd5
Nxd5 9. a3 b6 10. dxc5 Nxc5 11. b4 Bf6 12. Rb1 Nc3 13. Qc2 N5a4 14. Ng5 Bxg5 15.
Bxa8 Ba6 16. Be4 Bxd2 17. Bxh7+ Kh8 18. Bxd2 Nxe2+ 19. Kg2 Nd4 20. Qxa4 Bb7+ 21.
Kh3 Qd5 22. Qd1 Qg2+ 23. Kh4 Qxh2+ 24. Kg4 f5+ 0-1

[Event "PNWCC Masters WOO 2020"]
[Site "chess.com INT"]
[Date "2020.07.06"]
[Round "9.26"]
[White "Kumar, Nikhil"]
[Black "Le, Harry"]
[Result "1-0"]
[WhiteTitle "FM"]
[WhiteElo "2328"]
[BlackElo "1833"]
[WhiteFideId "30909040"]
[BlackFideId "30927838"]
[EventDate "2020.07.04"]

1. d4 Nf6 2. c4 e6 3. Nc3 Bb4 4. e3 c5 5. Ne2 cxd4 6. exd4 O-O 7. a3 Be7 8. Ng3
d5 9. cxd5 Nxd5 10. Bd3 Nc6 11. O-O Nxd4 12. Bxh7+ Kxh7 13. Qxd4 Nxc3 14. Qxc3
Bf6 15. Qc2+ Kg8 16. Be3 b6 17. Rfd1 Qe7 18. Bf4 e5 19. Bd2 Qe6 20. Bb4 Be7 21.
Qc7 Re8 22. Ne4 Ba6 23. Bxe7 Rxe7 24. Rd8+ Rxd8 25. Qxd8+ Re8 26. Rd1 Qe7 27.
Qd2 Qh4 28. Qd5 Qe7 29. Nd6 Rf8 30. h3 Qe6 31. Qxe6 fxe6 32. Ne4 Bb7 33. Ng5 Bd5
34. Rc1 g6 35. Rc7 a5 36. Re7 Rf6 37. h4 Kf8 38. Rd7 Ke8 39. Rd6 b5 40. Rb6 Bc4
41. g3 Kd7 42. Rb8 Kc7 43. Rg8 Bd3 44. f3 Kb6 45. Kf2 e4 46. f4 e5 47. Rb8+ Kc7
48. Rf8 Rc6 49. fxe5 Rc2+ 50. Ke3 Re2+ 51. Kd4 Rxb2 52. e6 Kd6 53. Rd8+ Ke7 54.
Rd7+ Ke8 55. Nf7 Bc4 56. Nd6+ Kf8 57. e7+ Kg7 58. e8=Q+ 1-0

[Event "PNWCC Masters WOO 2020"]
[Site "chess.com INT"]
[Date "2020.07.06"]
[Round "9.27"]
[White "Vanapalli, Vishnu"]
[Black "Stefanov, Emil"]
[Result "1-0"]
[BlackTitle "IM"]
[WhiteElo "1918"]
[BlackElo "2350"]
[WhiteFideId "30920523"]
[BlackFideId "2914794"]
[EventDate "2020.07.04"]

1. e4 c6 2. d4 d5 3. e5 c5 4. dxc5 Nc6 5. Nf3 e6 6. a3 a5 7. Nbd2 Bxc5 8. Bd3
Qc7 9. Qe2 Nge7 10. c4 Ng6 11. Nb3 dxc4 12. Nxc5 cxd3 13. Nxd3 b6 14. O-O Ba6
15. Rd1 O-O-O 16. Be3 Kb8 17. b4 a4 18. b5 Bxb5 19. Rab1 Rd5 20. Qc2 Rhd8 21.
Nb2 Na5 22. Qxc7+ Kxc7 23. Rdc1+ Kb7 24. Nxa4 Nc4 25. Nc3 Nxe3 26. Nxd5 Rxd5 27.
fxe3 Nxe5 28. Nxe5 Rxe5 29. Rb4 Bd3 30. Kf2 Rf5+ 31. Rf4 Rxf4+ 32. exf4 Be4 33.
g3 h5 34. Ke3 Bd5 35. Kd4 f5 36. Ke5 b5 37. Kd6 Kb6 38. Rc7 g6 39. Rg7 Bc4 40.
Rxg6 Ka5 41. Rg7 Ka4 42. Ra7+ Kb3 43. Ke5 Bd5 44. Ra5 Bc4 45. Kd4 Be2 46. Kc5
Bd3 47. Rxb5+ 1-0

[Event "PNWCC Masters WOO 2020"]
[Site "chess.com INT"]
[Date "2020.07.06"]
[Round "9.28"]
[White "Kolay, Alex"]
[Black "Kumar, Naman"]
[Result "1/2-1/2"]
[WhiteElo "2208"]
[BlackElo "2115"]
[WhiteFideId "30919991"]
[BlackFideId "30908922"]
[EventDate "2020.07.04"]

1. d4 Nf6 2. c4 e6 3. Nf3 d5 4. Nc3 Be7 5. Bf4 O-O 6. e3 Nbd7 7. Be2 c5 8. dxc5
Nxc5 9. cxd5 exd5 10. O-O Be6 11. Nd4 a6 12. Bf3 Bd6 13. Bg5 Rc8 14. Bxf6 Qxf6
15. Bxd5 Bxd5 16. Nxd5 Qe5 17. Nf4 Rfd8 18. Qg4 g6 19. Rac1 h5 20. Qh3 Rc7 21.
Rfd1 Ne4 22. Nd3 Qe7 23. Qf3 Ng5 24. Qe2 Bxh2+ 25. Kxh2 Rxd4 26. Rxc7 Qxc7+ 27.
f4 Rd8 28. Ne5 Rxd1 29. Qxd1 Ne6 30. Qd5 Kg7 31. Nf3 Qb6 32. Qe5+ Kg8 33. Ng5
Nxg5 34. fxg5 Qc6 35. Qb8+ 1/2-1/2

[Event "PNWCC Masters WOO 2020"]
[Site "chess.com INT"]
[Date "2020.07.06"]
[Round "9.29"]
[White "Zhang, Samuel"]
[Black "Tanenbaum, Zachary"]
[Result "0-1"]
[WhiteElo "2033"]
[BlackElo "2137"]
[WhiteFideId "30942993"]
[BlackFideId "2060850"]
[EventDate "2020.07.04"]

1. e4 e5 2. Nf3 Nc6 3. Bc4 Nf6 4. d3 Be7 5. O-O O-O 6. a4 d6 7. c3 Be6 8. Bxe6
fxe6 9. b4 Qe8 10. Qb3 Nd8 11. Be3 Qg6 12. Nbd2 Nh5 13. d4 exd4 14. cxd4 Nf7 15.
Kh1 Ng5 16. Nxg5 Bxg5 17. Bxg5 Qxg5 18. Qxe6+ Kh8 19. Nf3 Qxg2+ 20. Kxg2 Nf4+
21. Kg3 Nxe6 22. d5 Nf4 23. Nd4 Rae8 24. f3 Re5 25. h4 g5 26. Rh1 Nh5+ 27. Kg4
Rf4+ 28. Kxh5 g4+ 29. Nf5 gxf3 30. Kg5 Rfxe4 31. Rac1 h6+ 32. Kxh6 Rxf5 33. Rxc7
Rf6+ 34. Kg5 Ref4 35. Rf1 R6f5+ 36. Kg6 Rf6+ 37. Kg5 f2 38. Rxb7 R6f5+ 39. Kg6
Rf6+ 40. Kg5 Rf8 41. Rxa7 Re4 42. Rc7 Re1 0-1

[Event "PNWCC Masters WOO 2020"]
[Site "chess.com INT"]
[Date "2020.07.06"]
[Round "9.30"]
[White "Wen, Teddie"]
[Black "Altman, Joshua"]
[Result "0-1"]
[BlackTitle "CM"]
[WhiteElo "2071"]
[BlackElo "1926"]
[WhiteFideId "30952247"]
[BlackFideId "426210"]
[EventDate "2020.07.04"]

1. d4 Nf6 2. c4 e6 3. Nf3 b6 4. g3 Bb7 5. Bg2 Bb4+ 6. Nbd2 O-O 7. O-O Bxd2 8.
Bxd2 d6 9. b4 Nbd7 10. Bc3 Qe7 11. Qc2 Be4 12. Qb2 a5 13. a3 h6 14. Nd2 Bxg2 15.
Kxg2 e5 16. d5 axb4 17. axb4 b5 18. e4 bxc4 19. Qc2 Nb6 20. Ra5 Qd7 21. Rfa1
Rab8 22. Ra7 Nh7 23. f3 f5 24. Rd1 fxe4 25. Nxe4 Qf7 26. Qf2 Rbd8 27. Ra5 Ra8
28. Rxa8 Nxa8 29. h4 Nb6 30. b5 Nxd5 31. Ba5 Nhf6 32. Nxf6+ Nxf6 33. b6 cxb6 34.
Bxb6 Qb7 35. Be3 Qb3 36. Qe2 d5 37. Rc1 Ra8 38. Bf2 e4 39. fxe4 Ra2 40. Qf3
Qxf3+ 41. Kxf3 dxe4+ 42. Ke3 Ng4+ 43. Kxe4 Nxf2+ 44. Kf3 Nd3 45. Rc3 Ra1 46. Kg4
Rc1 47. Ra3 c3 48. h5 c2 49. Rxd3 Rd1 50. Rb3 c1=Q 51. Rb8+ Kh7 52. Rf8 Qg5+ 53.
Kh3 Qxh5+ 54. Kg2 Qh1+ 55. Kf2 Rf1+ 56. Ke3 Rxf8 57. g4 Qe1+ 58. Kd3 Rd8+ 59.
Kc4 Qc1+ 60. Kb5 Rb8+ 61. Ka6 Qa3# 0-1

[Event "PNWCC Masters WOO 2020"]
[Site "chess.com INT"]
[Date "2020.07.06"]
[Round "9.31"]
[White "Lu, Ming"]
[Black "Sivakumar, Shaashwath"]
[Result "1-0"]
[WhiteElo "2084"]
[BlackElo "1866"]
[WhiteFideId "30930880"]
[BlackFideId "30912156"]
[EventDate "2020.07.04"]

1. c4 c6 2. d4 d5 3. Nc3 Nf6 4. e3 a6 5. Qc2 Bg4 6. h3 Bh5 7. Nge2 Bg6 8. Qb3 b5
9. cxd5 cxd5 10. Nf4 e6 11. Nxg6 hxg6 12. Bd3 Be7 13. O-O O-O 14. Bd2 Nc6 15. a4
Na5 16. Qa2 Nc4 17. b3 Nxd2 18. Qxd2 Rc8 19. Rfc1 b4 20. Ne2 Qd6 21. Rc2 Qb6 22.
Rac1 Qb7 23. Ng3 Nd7 24. Qe2 Nb8 25. Nf1 a5 26. Bb5 Rfd8 27. Nh2 Bd6 28. Nf3
Rxc2 29. Qxc2 Kf8 30. Ne1 e5 31. Nd3 e4 32. Nc5 Qa7 33. Qe2 Rc8 34. Ne6+ 1-0

[Event "PNWCC Masters WOO 2020"]
[Site "chess.com INT"]
[Date "2020.07.06"]
[Round "9.32"]
[White "Pan, Kevin"]
[Black "Feng, Eric"]
[Result "1-0"]
[WhiteElo "2106"]
[BlackElo "1898"]
[WhiteFideId "30915708"]
[BlackFideId "30923972"]
[EventDate "2020.07.04"]

1. e4 c6 2. d4 d5 3. Nc3 dxe4 4. Nxe4 Bf5 5. Ng3 Bg6 6. N1e2 h6 7. Nf4 Bh7 8. c3
Nf6 9. Bc4 e6 10. O-O Bd6 11. Re1 Bxf4 12. Bxf4 O-O 13. a4 Nbd7 14. a5 b6 15.
Ba6 Qe7 16. Bb7 Rad8 17. Bxc6 Nc5 18. axb6 axb6 19. Qf3 Nd3 20. Re2 Nd5 21. Bxd5
Rxd5 22. Qxd5 Nxf4 23. Qf3 Nxe2+ 24. Qxe2 Bg6 25. Ra6 Qb7 26. Qb5 Ra8 27. Rxa8+
Qxa8 28. h3 Qd8 29. Qc6 Bd3 30. Ne4 Bxe4 31. Qxe4 Qd6 32. f4 f5 33. Qe5 Qc6 34.
Kf2 Qc4 35. Qb8+ Kf7 36. Qxb6 Qd3 37. Qc7+ Kf8 38. b4 Qd2+ 39. Kg1 Qe3+ 40. Kh2
g5 41. fxg5 f4 42. Qb8+ Ke7 43. Qb7+ Kd6 44. Qf3 hxg5 45. Qxe3 fxe3 46. Kg3 Kd5
47. Kf3 Kc4 48. Kxe3 Kxc3 49. b5 1-0

[Event "PNWCC Masters WOO 2020"]
[Site "chess.com INT"]
[Date "2020.07.06"]
[Round "9.33"]
[White "Wen, Tommy"]
[Black "Luo, Terry"]
[Result "1/2-1/2"]
[WhiteElo "2014"]
[BlackElo "2124"]
[WhiteFideId "30952255"]
[BlackFideId "30931045"]
[EventDate "2020.07.04"]

1. e4 c5 2. Nf3 d6 3. d4 cxd4 4. Nxd4 Nf6 5. Nc3 Nc6 6. Bg5 e6 7. Qd2 a6 8.
O-O-O Bd7 9. f4 Be7 10. Nf3 b5 11. Bxf6 gxf6 12. Kb1 Qb6 13. f5 O-O-O 14. g3 Kb8
15. Qe2 Rc8 16. a3 Na5 17. Qe1 Nc4 18. Bxc4 Rxc4 19. Nd2 Rc7 20. Nb3 Rhc8 21.
Rf1 a5 22. Qf2 Kb7 23. Qxb6+ Kxb6 24. Rd4 Rc4 25. Rxc4 Rxc4 26. Nd2 Rc5 27. g4
b4 28. axb4 axb4 29. Ne2 d5 30. Nb3 Rc4 31. fxe6 fxe6 32. e5 Rxg4 33. exf6 Bf8
34. f7 Kc7 35. Nf4 Rh4 36. Rf2 Kd6 37. Nd3 Bb5 38. Na5 Bxd3 39. cxd3 Rh5 40. Nb3
Rf5 41. Rxf5 exf5 42. Kc2 f4 43. Kd2 Ke7 44. Ke2 Kxf7 45. Kf3 Bd6 46. d4 Ke6 47.
Nc1 Kf5 48. Nd3 b3 49. Nc1 Ba3 50. Nd3 1/2-1/2

[Event "PNWCC Masters WOO 2020"]
[Site "chess.com INT"]
[Date "2020.07.06"]
[Round "9.34"]
[White "Sampath, Aja"]
[Black "Free, Graham"]
[Result "1/2-1/2"]
[WhiteElo "1981"]
[BlackElo "2138"]
[WhiteFideId "30955190"]
[BlackFideId "2004976"]
[EventDate "2020.07.04"]

1. e4 e5 2. Nf3 Nc6 3. d4 exd4 4. Bc4 Nf6 5. e5 Ne4 6. Qe2 Nc5 7. c3 d3 8. Qe3
Be7 9. O-O d6 10. exd6 cxd6 11. b4 Be6 12. Nbd2 Bxc4 13. Nxc4 Ne6 14. Qxd3 d5
15. Nce5 Nxe5 16. Nxe5 O-O 17. Nf3 Qc7 18. Be3 Bf6 19. Rac1 Qc4 20. Rfd1 Qxa2
21. Qxd5 Qxd5 22. Rxd5 a6 23. Nd4 Rfd8 24. Rxd8+ Rxd8 25. Nxe6 fxe6 26. c4 Rd3
27. b5 axb5 28. cxb5 Rb3 29. b6 Bd8 30. g3 Kf7 31. Rd1 Ke8 32. Rd6 Ke7 33. Bc5
Rb5 34. Ba3 Ra5 35. Bb4 Rb5 36. Ba3 Ra5 37. Bb4 Rb5 38. Ba3 1/2-1/2

[Event "PNWCC Masters WOO 2020"]
[Site "chess.com INT"]
[Date "2020.07.06"]
[Round "9.36"]
[White "Ghazarian, Kirk"]
[Black "Sairam, Pranav"]
[Result "1-0"]
[WhiteElo "2181"]
[BlackElo "1810"]
[WhiteFideId "30908604"]
[BlackFideId "30951330"]
[EventDate "2020.07.04"]

1. d4 d5 2. c4 e6 3. Nf3 Nf6 4. g3 Be7 5. Bg2 O-O 6. O-O dxc4 7. Qc2 a6 8. a4 c5
9. dxc5 Bxc5 10. Qxc4 Qe7 11. Ne5 Bd6 12. Qd4 Nbd7 13. Nc4 Bc5 14. Qh4 Nb6 15.
Nxb6 Bxb6 16. Nc3 Qc7 17. Bf4 Qc5 18. Bg5 Bd8 19. Ne4 Qe5 20. Nxf6+ Bxf6 21.
Bxf6 Qxf6 22. Qxf6 gxf6 23. Rfd1 Rb8 24. Rac1 b5 25. a5 Bb7 26. Bxb7 Rxb7 27.
Rc6 Ra8 28. Rdd6 Rba7 29. h4 Kf8 30. Kf1 Ke7 31. Ke1 f5 32. e3 h5 33. Ke2 Ke8
34. Kd3 Rd7 35. Kd4 Rxd6+ 36. Rxd6 Rc8 37. Rxa6 Rc2 38. Ra8+ Ke7 39. b3 Rxf2 40.
a6 Ra2 41. a7 Ra3 42. Kc3 Ra1 43. Kb4 1-0

[Event "PNWCC Masters WOO 2020"]
[Site "chess.com INT"]
[Date "2020.07.06"]
[Round "9.37"]
[White "Vijayakumar, Advaith"]
[Black "Zhao, Erick"]
[Result "0-1"]
[BlackTitle "CM"]
[WhiteElo "1846"]
[BlackElo "2039"]
[WhiteFideId "30933196"]
[BlackFideId "30946930"]
[EventDate "2020.07.04"]

1. d4 Nf6 2. c4 g6 3. g3 c6 4. Nf3 Bg7 5. Bg2 O-O 6. O-O d5 7. cxd5 cxd5 8. Nc3
Ne4 9. Nxe4 dxe4 10. Ng5 Qxd4 11. Qxd4 Bxd4 12. Nxe4 Nc6 13. Bh6 Rd8 14. Nc3 Bg4
15. e3 Bxc3 16. bxc3 Rac8 17. h3 Be6 18. Rfd1 Na5 19. Bf4 b6 20. Be5 f6 21.
Rxd8+ Rxd8 22. Bd4 Bf7 23. f4 Re8 24. e4 e5 25. Be3 Rd8 26. Bf1 Kg7 27. Kf2 h6
28. Bb5 Bc4 29. Bxc4 Nxc4 30. Ke2 h5 31. h4 Kf7 32. Rb1 Ke6 33. Rb5 Rc8 34. Rb3
Nd6 35. Kd3 Rd8 36. fxe5 fxe5 37. Bg5 Rf8 38. Ke3 Rf1 39. Rb4 Re1+ 40. Kf3 Rf1+
41. Ke3 Rc1 42. Rb3 Re1+ 43. Kf3 Rxe4 44. Ra3 a5 45. Rb3 b5 46. Be3 Rc4 47. Ke2
a4 48. Ra3 Rg4 49. Kf3 Nc4 0-1

[Event "PNWCC Masters WOO 2020"]
[Site "chess.com INT"]
[Date "2020.07.06"]
[Round "9.38"]
[White "Jin, Derek"]
[Black "Wiebe, Daniel"]
[Result "1/2-1/2"]
[WhiteElo "1880"]
[BlackElo "1988"]
[WhiteFideId "30920329"]
[BlackFideId "2612275"]
[EventDate "2020.07.04"]

1. e4 c5 2. Nf3 d6 3. d4 cxd4 4. Nxd4 Nf6 5. Nc3 a6 6. f3 e5 7. Nb3 Be6 8. Be3
Nbd7 9. g4 b5 10. g5 Nh5 11. Nd5 Rc8 12. Qd2 Bxd5 13. exd5 Be7 14. O-O-O Qc7 15.
Kb1 Nb6 16. Na5 Nxd5 17. Qxd5 Qxa5 18. Bh3 O-O 19. Bxc8 Rxc8 20. Rc1 Qc7 21. c3
g6 22. b3 Bf8 23. c4 b4 24. Rc2 a5 25. Rhc1 Nf4 26. Qe4 Ne6 27. f4 exf4 28. Bxf4
Nc5 29. Qf3 a4 30. Rd1 axb3 31. axb3 Re8 32. Bc1 Bg7 33. Bb2 1/2-1/2

[Event "PNWCC Masters WOO 2020"]
[Site "chess.com INT"]
[Date "2020.07.06"]
[Round "9.40"]
[White "Johnson, Donald"]
[Black "Pradhyumna Kumar K"]
[Result "1-0"]
[WhiteElo "1857"]
[BlackElo "1844"]
[WhiteFideId "30949122"]
[BlackFideId "35081110"]
[EventDate "2020.07.04"]

1. e4 c5 2. Nf3 d6 3. d4 cxd4 4. Nxd4 Nf6 5. Nc3 a6 6. h3 e5 7. Nde2 h5 8. Bg5
Be6 9. Bxf6 Qxf6 10. Nd5 Qd8 11. Qd3 Nd7 12. O-O-O Nc5 13. Qf3 Bxd5 14. Rxd5 Qa5
15. Kb1 Qe1+ 16. Nc1 Qxe4 17. Qd1 Qg6 18. g3 Nd7 19. Bg2 Be7 20. Re1 O-O 21. Rd3
Nc5 22. Rd2 Rad8 23. h4 Qf5 24. Nd3 Nxd3 25. Rxd3 Qxf2 26. Bxb7 Rb8 27. Bd5 g6
28. Rf1 Qb6 29. Rb3 Qc5 30. Rbf3 Qb4 31. b3 Qg4 32. Qd2 Qd4 33. Qxd4 exd4 34.
Rxf7 Kh8 35. R1f3 Rxf7 36. Rxf7 Bf8 37. Be4 Re8 38. Bxg6 Bg7 39. Kc1 Re3 40. Ra7
Be5 41. Rxa6 Bxg3 42. Bxh5 Be1 43. Rxd6 Bc3 44. Bd1 Re1 45. a4 Re4 46. h5 Bb4
47. Rh6+ Kg7 48. Rg6+ Kh8 49. Rg4 Ba3+ 50. Kb1 Re1 51. Rxd4 Bc5 52. Rd7 Bb4 53.
Kb2 Rh1 54. c3 Rh2+ 55. Bc2 Bc5 56. b4 Bf2 57. Rd2 Kg7 58. a5 Kh6 59. a6 Rxh5
60. Rxf2 Re5 61. a7 Re8 62. Be4 Rg8 63. a8=Q Rg1 64. Qh8+ Kg5 65. Qg7+ Kh4 66.
Rh2# 1-0

[Event "PNWCC Masters WOO 2020"]
[Site "chess.com INT"]
[Date "2020.07.06"]
[Round "9.42"]
[White "Su, Kevin"]
[Black "Chabris, Christopher"]
[Result "0-1"]
[WhiteElo "1768"]
[BlackElo "2125"]
[WhiteFideId "30937370"]
[BlackFideId "2005263"]
[EventDate "2020.07.04"]

1. e4 c5 2. Nf3 d6 3. d4 cxd4 4. Nxd4 Nf6 5. Nc3 a6 6. h3 e5 7. Nde2 h5 8. g3
Be6 9. Bg2 Nbd7 10. Be3 Be7 11. O-O Rc8 12. a4 Nb6 13. b3 d5 14. Bxb6 Qxb6 15.
Nxd5 Nxd5 16. exd5 Bd7 17. c4 Qd6 18. Qd3 f5 19. Rfe1 O-O 20. Rac1 h4 21. b4
hxg3 22. Nxg3 e4 23. Qd4 Qxb4 24. d6 Qxd6 25. Qxd6 Bxd6 26. Red1 Bf4 27. Ra1 Be5
28. Rac1 Bxa4 29. Rd5 Rce8 30. Kf1 Bc6 31. Ra5 g6 32. Rd1 Bc3 33. Ra3 Bb4 34.
Ra2 f4 35. Ne2 f3 36. Bh1 fxe2+ 37. Kxe2 Bc5 38. Rf1 Rf4 39. Ke1 Ref8 40. Re2
Rxf2 41. Rfxf2 Rxf2 42. Rxf2 Bxf2+ 43. Kxf2 e3+ 44. Kxe3 Bxh1 45. Kd4 Kf7 46.
Kc5 Kf6 47. Kb6 Kg5 48. c5 Kh4 49. Ka7 a5 50. Ka8 a4 51. Kb8 a3 52. Ka8 a2 53.
Kb8 a1=Q 54. Kc7 Qe5+ 55. Kb6 Qe6+ 56. Ka7 Qc6 57. Kb8 Qxc5 58. Ka8 b5+ 59. Kb8
Qc6 60. Ka7 Qb7# 0-1

[Event "PNWCC Masters WOO 2020"]
[Site "chess.com INT"]
[Date "2020.07.06"]
[Round "9.43"]
[White "Ji, Yunze Owen"]
[Black "Chen, Ryo"]
[Result "0-1"]
[WhiteElo "1553"]
[BlackElo "2085"]
[WhiteFideId "30965276"]
[BlackFideId "7003072"]
[EventDate "2020.07.04"]

1. Nf3 Nf6 2. c4 g6 3. d4 Bg7 4. g3 O-O 5. Bg2 d6 6. Nc3 Nc6 7. O-O Bg4 8. d5
Na5 9. b3 c5 10. dxc6 Nxc6 11. Be3 Rc8 12. Rc1 Qd7 13. Qd2 Bh3 14. Bh6 Bxg2 15.
Kxg2 Rfd8 16. e4 Bh8 17. h3 Ne8 18. Ng5 Nc7 19. f4 Ne6 20. Nxf7 Kxf7 21. f5 gxf5
22. Qd5 f4 23. Rxf4+ Bf6 24. Rg4 Rg8 25. Qh5+ Rg6 26. Be3 Ng7 27. Qxh7 Rxg4 28.
hxg4 Qxg4 29. Rf1 Qg6 30. Qh3 Ne6 31. Nd5 Ne5 32. Qh4 Ng4 33. Bxa7 Ra8 34. Bg1
Rxa2+ 35. Kh3 Ng5+ 36. Kxg4 Nf3+ 37. Kh3 Nxh4 0-1

[Event "PNWCC Masters WOO 2020"]
[Site "chess.com INT"]
[Date "2020.07.06"]
[Round "9.44"]
[White "Sivakumar, Shaaketh"]
[Black "Markzon, Gregory"]
[Result "1-0"]
[BlackTitle "FM"]
[WhiteElo "1870"]
[BlackElo "2069"]
[WhiteFideId "30940176"]
[BlackFideId "2003694"]
[EventDate "2020.07.04"]

1. d4 Nf6 2. Bf4 g6 3. Nc3 d5 4. e3 Bg7 5. h4 h5 6. Be2 Nbd7 7. Nb5 O-O 8. Bxc7
Qe8 9. Bf4 Qd8 10. Nf3 a6 11. Nc3 b5 12. O-O b4 13. Nb1 Bb7 14. c3 a5 15. a3 Qb6
16. c4 dxc4 17. Bxc4 Rac8 18. Nbd2 Rfd8 19. Qe2 e6 20. Bd3 Nd5 21. Bg3 Bf8 22.
Nc4 Qa7 23. Nd6 Rc6 24. Nxb7 Qxb7 25. Bb5 Rb6 26. a4 N7f6 27. Ne5 Ne4 28. Nc4
Nxg3 29. fxg3 Bh6 30. Rf3 Rxb5 31. axb5 Qxb5 32. Rxa5 Qb7 33. Ne5 Qc7 34. Rc5
Qb6 35. Nxf7 Bxe3+ 36. Kh2 Rf8 37. Rxd5 exd5 38. Qxe3 1-0

[Event "PNWCC Masters WOO 2020"]
[Site "chess.com INT"]
[Date "2020.07.06"]
[Round "9.45"]
[White "Lu, Jason"]
[Black "Pillai, Adithya"]
[Result "1-0"]
[WhiteElo "2025"]
[BlackElo "1663"]
[WhiteFideId "30938040"]
[BlackFideId "30937396"]
[EventDate "2020.07.04"]

1. e4 c5 2. Nf3 Nc6 3. d4 cxd4 4. Nxd4 Nf6 5. Nc3 e5 6. Ndb5 d6 7. Bg5 a6 8. Na3
b5 9. Nd5 Be7 10. Bxf6 Bxf6 11. c3 O-O 12. Nc2 Bg5 13. a4 bxa4 14. Rxa4 a5 15.
Bc4 Ne7 16. h4 Bh6 17. Nce3 Be6 18. Nxe7+ Qxe7 19. Nd5 Bxd5 20. Qxd5 Qc7 21. O-O
Kh8 22. Rd1 Qb6 23. b3 f5 24. exf5 Rad8 25. g4 g6 26. Qe6 Bg7 27. Rd5 gxf5 28.
gxf5 Rf6 29. Rb5 Qc7 30. Qd5 Rxf5 31. Raxa5 Rdf8 32. Ra8 Rxf2 33. Qg8+ Rxg8 34.
Rxg8# 1-0

[Event "PNWCC Masters WOO 2020"]
[Site "chess.com INT"]
[Date "2020.07.06"]
[Round "9.46"]
[White "Kozower, Ethan"]
[Black "Wang, Ze"]
[Result "1/2-1/2"]
[WhiteElo "1562"]
[BlackElo "1869"]
[WhiteFideId "30947227"]
[BlackFideId "8615187"]
[EventDate "2020.07.04"]

1. c4 e6 2. Nc3 d5 3. d4 Nf6 4. Nf3 Be7 5. Bf4 O-O 6. e3 c5 7. dxc5 Bxc5 8. Qc2
Qe7 9. Rd1 Nc6 10. a3 dxc4 11. Bxc4 Rd8 12. O-O h6 13. Ne5 Bd7 14. Nd3 Bd6 15.
Bxd6 Qxd6 16. Nb5 Qe7 17. Nf4 Be8 18. Qe2 a6 19. Nc3 Rac8 20. Bd3 Ne5 21. Bb1
Bc6 22. Nh5 Nf3+ 23. gxf3 Nxh5 24. f4 Qh4 25. f3 Nf6 26. Kh1 Rxd1 27. Rxd1 Ng4
28. Kg1 Nf6 29. Kh1 Ng4 30. Kg1 Nf6 31. Kh1 1/2-1/2

[Event "PNWCC Masters WOO 2020"]
[Site "chess.com INT"]
[Date "2020.07.06"]
[Round "9.47"]
[White "Guo, Yu Han"]
[Black "Singh, Hersh"]
[Result "0-1"]
[WhiteElo "1432"]
[BlackElo "1906"]
[WhiteFideId "2623870"]
[BlackFideId "30918804"]
[EventDate "2020.07.04"]

1. Nf3 Nf6 2. d4 d5 3. g3 c6 4. Bg2 Bf5 5. c4 e6 6. Qb3 Qb6 7. Qxb6 axb6 8. cxd5
exd5 9. Nc3 Be7 10. Bf4 O-O 11. O-O h6 12. a3 Nbd7 13. Rfe1 Rfe8 14. Nd2 g5 15.
Be3 Ng4 16. Nf1 Bf6 17. Rad1 Nxe3 18. Nxe3 Bg6 19. Nf1 Bg7 20. e4 dxe4 21. Nxe4
Re6 22. d5 cxd5 23. Rxd5 Nc5 24. Rd6 Rae8 25. Rxe6 Rxe6 26. f3 f5 27. Bh3 Re7
28. Nxc5 Rxe1 29. Na4 Bd4+ 30. Kg2 g4 31. fxg4 fxg4 32. Bxg4 Be4+ 33. Bf3 Bxf3+
34. Kxf3 Rxf1+ 35. Ke4 Rd1 36. Nc3 Bxc3 37. bxc3 Rh1 38. Kd4 Rxh2 39. Kc4 Rh3
40. Kb5 Rxg3 41. Kxb6 Rxc3 42. a4 Ra3 43. a5 h5 44. Kxb7 Rxa5 0-1

[Event "PNWCC Masters WOO 2020"]
[Site "chess.com INT"]
[Date "2020.07.06"]
[Round "9.51"]
[White "Aaron, Michael"]
[Black "Harish, Neeraj"]
[Result "1-0"]
[WhiteElo "1699"]
[BlackElo "1472"]
[WhiteFideId "30963346"]
[BlackFideId "30958130"]
[EventDate "2020.07.04"]

1. Nf3 d5 2. c4 e6 3. g3 Nf6 4. Bg2 Be7 5. O-O O-O 6. b3 c5 7. cxd5 Nxd5 8. Bb2
Nc6 9. d3 Bf6 10. Qd2 Bxb2 11. Qxb2 f6 12. Nc3 Nc7 13. Rac1 e5 14. Na4 e4 15.
dxe4 b6 16. a3 Bb7 17. Rcd1 Qe7 18. Nc3 Qe6 19. Nd5 Nb5 20. a4 Nd6 21. Nc7 Qe7
22. Nxa8 Rxa8 23. Nd2 Nd4 24. e3 Ne6 25. e5 Ne8 26. exf6 Nxf6 27. Bxb7 Qxb7 28.
Qe5 1-0

[Event "PNWCC Masters WOO 2020"]
[Site "chess.com INT"]
[Date "2020.07.06"]
[Round "9.52"]
[White "Jiang, Leo"]
[Black "Ji, Yuze Luke"]
[Result "1-0"]
[WhiteElo "1592"]
[BlackElo "1337"]
[WhiteFideId "30952140"]
[BlackFideId "30965284"]
[EventDate "2020.07.04"]

1. d4 f5 2. c4 Nf6 3. Nc3 g6 4. Nf3 Bg7 5. e3 O-O 6. Bd3 d6 7. O-O c6 8. e4 fxe4
9. Nxe4 Nxe4 10. Bxe4 Nd7 11. Be3 Nf6 12. Bd3 Qc7 13. h3 e5 14. dxe5 dxe5 15.
Ng5 h6 16. Ne4 Nxe4 17. Bxe4 Bf5 18. Qc2 Rad8 19. Rfd1 a6 20. Rxd8 Qxd8 21. Bxf5
gxf5 22. Rd1 Qe7 23. Qd2 Qh4 24. Bc5 Rf7 25. Qd8+ Qxd8 26. Rxd8+ Kh7 27. Kf1 e4
28. Bd4 Bxd4 29. Rxd4 Kg6 30. Ke2 Kg5 31. g3 b6 32. Rd6 Rf6 33. Rxf6 Kxf6 34.
Ke3 Ke5 35. f3 exf3 36. Kxf3 h5 37. Ke3 b5 38. cxb5 cxb5 39. b4 Kf6 40. Kf4 Kg6
41. h4 Kf6 42. a3 Ke6 43. Kg5 Kd5 44. Kxh5 Kc4 45. Kg5 Kb3 46. h5 Kxa3 47. h6
Kxb4 48. h7 a5 49. h8=Q a4 50. Qb2+ Kc4 51. Kxf5 b4 52. Ke4 a3 53. Qc2+ Kb5 54.
Qb3 1-0